| 000 | 00755nam a2200205Ia 4500 | ||
|---|---|---|---|
| 003 | GCL | ||
| 008 | 140319s9999 xx 000 0 ara d | ||
| 040 |
_aGCL / _cGCL |
||
| 082 | 0 | 4 |
_a956.52 _bع ح |
| 100 | 1 | _aعبدالفتاح رواس قلعة جى | |
| 245 | 1 | 0 |
_aحلب القديمة والحديثة: اسماؤها وحكامها واحداثها ابوابها واسواقها واحياؤها / _cعبدالفتاح رواس قلعة جى |
| 260 |
_aبيروت : _bمؤسسة الرسالة ، _c1989 |
||
| 300 |
_a496 ص ؛ _c24 سم |
||
| 490 | _a | ||
| 650 | 0 | 4 | _aالعالم العربى |
| 650 | 0 | 4 | _aسوريا - تاريخ |
| 650 | 0 | 4 | _aحلب - تاريخ |
| 650 | 0 | 4 | _aالعالم العربى - تاريخ |
| 942 |
_2ddc _cBK |
||
| 999 |
_c38809 _d38809 |
||